000
00348cam a2200145 4500
008
040913n2005 000 0 eng u
020
_a
140510225X
035
_a
(Sirsi) u127353
100
_a
Byrne, P.
245
_a
Real estate investment
260
_a
Blackwells
_c
2005
350
_a
42.50
520
_a
Due for publication 2005
942
_n
0
999
_c
103752
_d
103752